000 00932nam a2200253 a 4500
001 BRCA_6602
005 20190320205525.0
008 081010c1964----ag-af#####---#000-0#spa-#
041 _aspa
044 _aag
050 4 _aND553
_b.P56 47 1964
245 1 0 _aJuan Vermer
_bprimera parte
_cmonografía por Alberto Martini ; traducción por Jesús López Pacheco ; el juicio del siglo XX, por Osvaldo Svanascini.
260 _aArgentina
_bCodex
_c[1964]
300 _a1 v. (sin paginación)
_bil., 16 láminas a color
_c36 cm.
440 0 _aPinacoteca de los genios : la más grandiosa colección de arte del mundo
_v47
_916495
500 _aIncluye índice de ilustraciones
500 _aDonación Dra. Elsa Barberena
600 1 4 _aVermer, Juan
_d1632-1675
_916496
700 1 _aMartini, Alberto
_912108
700 1 _aSvanascini, Osvaldo
_916497
700 1 _aLópez Pacheco, Jesús
_etr.
_916498
902 _aDEB
942 _2lcc
_cB
999 _c6286
_d6286